=LDR 00000nam 2200000 4500 =001 INLIS000000000046723 =005 20150428172234.0 =006 =007 =008 =035 ##$$0010-041500000000205 =082 ##$$a 813 =090 ##$$a 813 tan s.5 =100 ##$$a tantrini andang =245 ##$$a sahabat rahasia =260 ##$$a sheila =300 ##$$a hln. 158 =850 ##$$a NPBMAT =990 ##$$a 0001/BPAP-NTB/20142015